| 000 | 00619 a2200181 4500 | ||
|---|---|---|---|
| 020 | _a0072451920 | ||
| 020 | _a9780072451924 | ||
| 082 | 0 | 4 | _a530.141 |
| 090 |
_c585 _d585 |
||
| 100 | 1 | _aHayt, William H. & Buck, John A. | |
| 245 | 1 | 0 |
_aEngineering electromagnetics : _bsixth edition / _cWilliam H. & Buck, John A. Hayt. |
| 250 | _a6th Edition. | ||
| 260 |
_a[S.l.] : _bMcGraw-Hill, _c2001. |
||
| 300 |
_a1 v. (unpaged) ; _c25 cm. |
||
| 500 | _aImport. | ||
| 942 |
_aSNS _cBK _k530.141 HAY |
||
| 999 |
_c29215 _d29215 |
||